000 01125cam a22003493a 4500
001 30860
003 PGUSA
005 20140828083652.0
008 100105s2010||||xxu|||||s|||||000 1 eng d
040 _aPGUSA
_beng
042 _adc
050 4 _aPZ
100 1 _aPaull, George A.,
_cMrs,
_d1859-1895
245 1 0 _aRuby at School
_h[electronic resource] /
_cGeorge A., Paull
260 _bProject Gutenberg,
_c2010
506 _aPublic domain in the USA.
516 _aElectronic text
653 _aMothers and daughters -- Juvenile fiction
653 _aAdventure stories
653 _aVoyages and travels -- Juvenile fiction
653 _aConduct of life -- Juvenile fiction
653 _aSchools -- Juvenile fiction
653 _aChristian life -- Juvenile fiction
653 _aStudents -- Juvenile fiction
653 _aYouth -- Conduct of life -- Juvenile fiction
653 _aSick -- Juvenile fiction
653 _aGirls -- Juvenile fiction
653 _aFriendship -- Juvenile fiction
830 0 _aProject Gutenberg
_v30860
856 4 0 _uhttp://www.gutenberg.org/ebooks/30860
942 _cEB
999 _c260115
_d260115